Türkiyənin illəri - Statistics

General Stats
  • This quiz has been taken 52 times
  • The average score is 33 of 81
Answers on the Map
Answers color-coded by a green-red scale on the quiz's map according to % correct below.
 
Answer Stats
Ad % Correct
İstanbul
88%
Ankara
85%
Adana
77%
Antalya
73%
İzmir
73%
Konya
73%
Hatay
69%
Qars
69%
Van
69%
Bursa
65%
İğdır
65%
Rizə
65%
Trabzon
65%
Giresun
62%
Şanlıurfa
62%
Sivas
62%
Qəhrəmanmaraş
58%
Ağrı
54%
Ədirnə
54%
Ərzurum
50%
Sinop
50%
Yalova
50%
Bolu
46%
Hakkari
46%
Kocaeli
46%
Mersin
46%
Muğla
46%
Sakarya
46%
Samsun
46%
Təkirdağ
46%
Amasya
42%
Artvin
42%
Diyarbakır
42%
Kırklareli
42%
Manisa
42%
Muş
42%
Adıyaman
38%
Afyonqarahisar
38%
Dənizli
38%
Malatya
38%
Ordu
38%
Balıkəsir
35%
Bayburt
35%
Biləcik
35%
Çorum
35%
Elazığ
35%
Ərzincan
35%
Kilis
35%
Mardin
35%
Tokat
35%
Uşak
35%
Aydın
31%
Batman
31%
Çankırı
31%
Düzcə
31%
İsparta
31%
Kastamonu
31%
Bingöl
27%
Karaman
27%
Kayseri
27%
Kırıkkale
27%
Kütahya
27%
Qaziantep
27%
Siirt
27%
Şırnak
27%
Tunceli
27%
Yozqat
27%
Aksaray
23%
Bitlis
23%
Burdur
23%
Əskişəhər
23%
Karabük
23%
Niğdə
23%
Zonquldak
23%
Bartın
19%
Çanaqqala
19%
Ərdəhan
19%
Nevşəhər
12%
Osmaniyyə
12%
Gümüşxanə
8%
Kırşəhər
8%
No matching quizzes found
Score Distribution
Percent of People with Each Score
Percentile by Number Answered
Your Score History
You have not taken this quiz